000 00624nam a2200193Ia 4500
005 20250508164856.0
008 008 250505s9999 xx 000 0 eng d
037 _aDissertations
040 _aFEDL
_beng
_cFEDL
041 _aeng
_2eng
084 _a371.1, NNE/DI
_qFEDL
100 _aNneka Enekebe Susan
_9779401
245 0 _aEffect of surpervisory behaviour on teacher performance in curriculum transaction in secondary schools in Delhi, India
260 _c2004
300 _a109p.
546 _aM.Ed Dissertation, (Delhi University)
942 _cDIS
_h371.1, NNE/DI
999 _c1391740
_d1391740